Completing assignments in tesol and applied linguistics: a practical guide (Record no. 1466606)
[ view plain ]
| 000 -LEADER | |
|---|---|
| fixed length control field | 00761 a2200241 4500 |
| 005 - DATE AND TIME OF LATEST TRANSACTION | |
| control field | 20260407130157.0 |
| 008 - FIXED-LENGTH DATA ELEMENTS--GENERAL INFORMATION | |
| fixed length control field | 260407b |||||||| |||| 00| 0 eng d |
| 020 ## - INTERNATIONAL STANDARD BOOK NUMBER | |
| International Standard Book Number | 978-1-032-53935-5 (pbk) |
| 037 ## - SOURCE OF ACQUISITION | |
| Terms of availability | TB |
| 040 ## - CATALOGING SOURCE | |
| Original cataloging agency | CRL |
| Transcribing agency | CRL |
| 041 ## - LANGUAGE CODE | |
| Source of code | eng |
| Language code of text/sound track or separate title | eng |
| 084 ## - COLON CLASSIFICATION NUMBER | |
| Classification number | P111:3 R6 |
| Assigning agency | CRL |
| 245 ## - TITLE STATEMENT | |
| Title | Completing assignments in tesol and applied linguistics: a practical guide |
| 260 ## - PUBLICATION, DISTRIBUTION, ETC. | |
| Place of publication, distribution, etc. | London: |
| Name of publisher, distributor, etc. | Routledge, |
| Date of publication, distribution, etc. | 2026. |
| 300 ## - PHYSICAL DESCRIPTION | |
| Extent | 239p. |
| 365 ## - TRADE PRICE | |
| Price amount | 39.99 |
| Currency code | GBP |
| 650 ## - SUBJECT ADDED ENTRY--TOPICAL TERM | |
| Topical term or geographic name entry element | Linguistic |
| 650 ## - SUBJECT ADDED ENTRY--TOPICAL TERM | |
| Topical term or geographic name entry element | Grammar |
| 700 ## - ADDED ENTRY--PERSONAL NAME | |
| Personal name | Bremner, Nicholas |
| Relator term | Editor |
| 9 (RLIN) | 1234246 |
| 700 ## - ADDED ENTRY--PERSONAL NAME | |
| Personal name | Mohammadi, Sedigh |
| Relator term | Editor |
| 9 (RLIN) | 1234247 |
| 942 ## - ADDED ENTRY ELEMENTS (KOHA) | |
| Koha item type | Textbook |
| Source of classification or shelving scheme | Colon Classification (CC) |
| Classification part | P111:3 R6 |
| Withdrawn status | Lost status | Source of classification or shelving scheme | Damaged status | Not for loan | Home library | Current library | Date acquired | Source of acquisition | Cost, normal purchase price | Inventory number | Total Checkouts | Full call number | Barcode | Date last seen | Cost, replacement price | Price effective from | Koha item type |
|---|---|---|---|---|---|---|---|---|---|---|---|---|---|---|---|---|---|
| Colon Classification (CC) | Central Library | Central Library | 2026-04-07 | Efficient Book Distributors | 3870.07 | 9495/ 07/01/2026 | P111:3 R6 | AL1925257 | 2026-01-09 | 4837.59 | 2026-01-09 | Textbook |
